<?xml version="1.0" encoding="UTF-8"?>
<record
    xmlns:xsi="http://www.w3.org/2001/XMLSchema-instance"
    xsi:schemaLocation="http://www.loc.gov/MARC21/slim http://www.loc.gov/standards/marcxml/schema/MARC21slim.xsd"
    xmlns="http://www.loc.gov/MARC21/slim">

  <leader>01271nam2a2200313   4500</leader>
  <controlfield tag="001">RU\NLR\bibl\739156</controlfield>
  <controlfield tag="005">20250614002417.0</controlfield>
  <datafield tag="010" ind1=" " ind2=" ">
    <subfield code="a">5-98359-020-0</subfield>
    <subfield code="9">7500</subfield>
  </datafield>
  <datafield tag="021" ind1=" " ind2=" ">
    <subfield code="a">RU</subfield>
    <subfield code="b">2004-63188</subfield>
    <subfield code="9">3115</subfield>
  </datafield>
  <datafield tag="021" ind1=" " ind2=" ">
    <subfield code="a">RU</subfield>
    <subfield code="b">2007-2132</subfield>
    <subfield code="9">100</subfield>
  </datafield>
  <datafield tag="035" ind1=" " ind2=" ">
    <subfield code="a">(NLR Aleph) 000729057</subfield>
  </datafield>
  <datafield tag="090" ind1=" " ind2=" ">
    <subfield code="a">750966</subfield>
    <subfield code="c">750966</subfield>
  </datafield>
  <datafield tag="100" ind1=" " ind2=" ">
    <subfield code="a">20050324d2004    |||y0rusy50      ca</subfield>
  </datafield>
  <datafield tag="101" ind1="1" ind2=" ">
    <subfield code="a">rus</subfield>
    <subfield code="c">tur</subfield>
  </datafield>
  <datafield tag="102" ind1=" " ind2=" ">
    <subfield code="a">RU</subfield>
  </datafield>
  <datafield tag="105" ind1=" " ind2=" ">
    <subfield code="a">y   |||||||||</subfield>
  </datafield>
  <datafield tag="200" ind1="0" ind2=" ">
    <subfield code="a">&#x422;. 2</subfield>
    <subfield code="f">[&#x441;&#x43E;&#x43A;&#x440;. &#x43F;&#x435;&#x440;. &#x441; &#x442;&#x443;&#x440;. &#x410;&#x43D;&#x438;&#x441;&#x430; &#x420;&#x430;&#x437;&#x43E;&#x440;&#x435;&#x43D;&#x43E;&#x432;&#x430;]</subfield>
  </datafield>
  <datafield tag="210" ind1=" " ind2=" ">
    <subfield code="d">2004</subfield>
    <subfield code="a">&#x411;. &#x43C;.</subfield>
  </datafield>
  <datafield tag="215" ind1=" " ind2=" ">
    <subfield code="a">XVIII,286 &#x441;.</subfield>
  </datafield>
  <datafield tag="320" ind1=" " ind2=" ">
    <subfield code="a">&#x411;&#x438;&#x431;&#x43B;&#x438;&#x43E;&#x433;&#x440;.: &#x441;. 277-282 (93 &#x43D;&#x430;&#x437;&#x432;.) &#x438; &#x432; &#x43F;&#x43E;&#x434;&#x441;&#x442;&#x440;&#x43E;&#x447;. &#x43F;&#x440;&#x438;&#x43C;.</subfield>
  </datafield>
  <datafield tag="320" ind1=" " ind2=" ">
    <subfield code="a">&#x422;&#x435;&#x43C;&#x430;&#x442;. &#x443;&#x43A;&#x430;&#x437;.: &#x441;. 283-286</subfield>
  </datafield>
  <datafield tag="333" ind1=" " ind2=" ">
    <subfield code="a">&#x423;&#x434;&#x430;&#x43B;&#x435;&#x43D;&#x43E; &#x438;&#x437; &#x43F;&#x443;&#x431;&#x43B;&#x438;&#x447;&#x43D;&#x43E;&#x433;&#x43E; &#x434;&#x43E;&#x441;&#x442;&#x443;&#x43F;&#x430;. &#x424;&#x435;&#x434;. &#x441;&#x43F;. &#x2116; 1338, 1339</subfield>
  </datafield>
  <datafield tag="461" ind1=" " ind2="0">
    <subfield code="1">001RU\NLR\bibl\596700</subfield>
    <subfield code="1">2001#$a&#x41F;&#x440;&#x43E;&#x440;&#x43E;&#x43A; &#x41C;&#x443;&#x445;&#x430;&#x43C;&#x43C;&#x430;&#x434; - &#x432;&#x435;&#x43D;&#x435;&#x446; &#x440;&#x43E;&#x434;&#x430; &#x447;&#x435;&#x43B;&#x43E;&#x432;&#x435;&#x447;&#x435;&#x441;&#x43A;&#x43E;&#x433;&#x43E;$v&#x422;. 2</subfield>
    <subfield code="9">1698923</subfield>
    <subfield code="a">&#x413;&#x44E;&#x43B;&#x435;&#x43D;, &#x424;. (1941-)</subfield>
    <subfield code="c">&#x41C;.</subfield>
    <subfield code="d">2004</subfield>
    <subfield code="f">&#x424;&#x435;&#x442;&#x445;&#x443;&#x43B;&#x43B;&#x430;&#x445; &#x413;&#x44E;&#x43B;&#x435;&#x43D;</subfield>
    <subfield code="n">&#x41D;&#x43E;&#x432;&#x44B;&#x439; &#x421;&#x432;&#x435;&#x442;</subfield>
    <subfield code="p">343 &#x441;.</subfield>
    <subfield code="t">&#x41F;&#x440;&#x43E;&#x440;&#x43E;&#x43A; &#x41C;&#x443;&#x445;&#x430;&#x43C;&#x43C;&#x430;&#x434; - &#x432;&#x435;&#x43D;&#x435;&#x446; &#x440;&#x43E;&#x434;&#x430; &#x447;&#x435;&#x43B;&#x43E;&#x432;&#x435;&#x447;&#x435;&#x441;&#x43A;&#x43E;&#x433;&#x43E;</subfield>
    <subfield code="v">&#x422;. 2</subfield>
  </datafield>
  <datafield tag="801" ind1=" " ind2="0">
    <subfield code="a">RU</subfield>
    <subfield code="b">NLR</subfield>
    <subfield code="c">20050324</subfield>
    <subfield code="g">PSBO</subfield>
  </datafield>
  <datafield tag="801" ind1=" " ind2="1">
    <subfield code="a">RU</subfield>
    <subfield code="b">NLR</subfield>
    <subfield code="c">20050324</subfield>
  </datafield>
  <datafield tag="942" ind1=" " ind2=" ">
    <subfield code="c">BOOK</subfield>
  </datafield>
  <datafield tag="980" ind1=" " ind2=" ">
    <subfield code="a">NB</subfield>
  </datafield>
  <datafield tag="995" ind1=" " ind2=" ">
    <subfield code="5">2005-03-24</subfield>
    <subfield code="a">ad</subfield>
    <subfield code="b">NLR01</subfield>
    <subfield code="c">NLR01</subfield>
    <subfield code="e">RF9</subfield>
    <subfield code="f">877766</subfield>
    <subfield code="k">2004-5/6377</subfield>
    <subfield code="o">8</subfield>
    <subfield code="r">BOOK</subfield>
    <subfield code="s">200456377_</subfield>
  </datafield>
  <datafield tag="995" ind1=" " ind2=" ">
    <subfield code="5">2005-03-24</subfield>
    <subfield code="a">ad</subfield>
    <subfield code="b">NLR01</subfield>
    <subfield code="c">NLR01</subfield>
    <subfield code="e">RF9</subfield>
    <subfield code="f">877767</subfield>
    <subfield code="k">2004-5/6377</subfield>
    <subfield code="o">8</subfield>
    <subfield code="r">BOOK</subfield>
    <subfield code="s">200456377_</subfield>
  </datafield>
  <datafield tag="995" ind1=" " ind2=" ">
    <subfield code="5">2007-03-07</subfield>
    <subfield code="a">ad</subfield>
    <subfield code="b">NLR01</subfield>
    <subfield code="c">NLR01</subfield>
    <subfield code="e">OBM</subfield>
    <subfield code="f">1-2668637</subfield>
    <subfield code="o">0</subfield>
    <subfield code="p">300.00</subfield>
    <subfield code="r">BOOK</subfield>
  </datafield>
  <datafield tag="995" ind1=" " ind2=" ">
    <subfield code="5">2007-03-07</subfield>
    <subfield code="a">ad</subfield>
    <subfield code="b">NLR01</subfield>
    <subfield code="c">NLR01</subfield>
    <subfield code="e">OBM</subfield>
    <subfield code="f">1-2667968</subfield>
    <subfield code="o">0</subfield>
    <subfield code="p">300.00</subfield>
    <subfield code="r">BOOK</subfield>
  </datafield>
</record>
